<?xml version="1.0" encoding="UTF-8"?>
<record
    xmlns:xsi="http://www.w3.org/2001/XMLSchema-instance"
    xsi:schemaLocation="http://www.loc.gov/MARC21/slim http://www.loc.gov/standards/marcxml/schema/MARC21slim.xsd"
    xmlns="http://www.loc.gov/MARC21/slim">

  <leader>01469nam a2200229Ia 4500</leader>
  <controlfield tag="003">Ost</controlfield>
  <controlfield tag="005">20260507075000.0</controlfield>
  <controlfield tag="008">260507s9999||||xx |||||||||||||| ||und||</controlfield>
  <datafield tag="040" ind1=" " ind2=" ">
    <subfield code="c">fsecg</subfield>
  </datafield>
  <datafield tag="041" ind1=" " ind2=" ">
    <subfield code="a">ara</subfield>
  </datafield>
  <datafield tag="082" ind1=" " ind2=" ">
    <subfield code="a">382</subfield>
  </datafield>
  <datafield tag="100" ind1=" " ind2=" ">
    <subfield code="a">&#x627;&#x644;&#x635;&#x631;&#x646;&#x60C; &#x631;&#x639;&#x62F; &#x62D;&#x633;&#x646;</subfield>
    <subfield code="e">&#x645;&#x624;&#x644;&#x641;</subfield>
  </datafield>
  <datafield tag="245" ind1=" " ind2="0">
    <subfield code="a">&#x623;&#x633;&#x627;&#x633;&#x64A;&#x627;&#x62A; &#x627;&#x644;&#x62A;&#x62C;&#x627;&#x631;&#x629; &#x627;&#x644;&#x62F;&#x648;&#x644;&#x64A;&#x629; &#x627;&#x644;&#x645;&#x639;&#x627;&#x635;&#x631;&#x629; :</subfield>
    <subfield code="b">&#x645;&#x646; &#x627;&#x644;&#x645;&#x64A;&#x632;&#x629; &#x627;&#x644;&#x645;&#x637;&#x644;&#x642;&#x629; &#x627;&#x644;&#x649; &#x627;&#x644;&#x639;&#x648;&#x644;&#x645;&#x629; &#x648;&#x627;&#x644;&#x62D;&#x631;&#x64A;&#x629; &#x648;&#x627;&#x644;&#x631;&#x641;&#x627;&#x647;&#x64A;&#x629; &#x627;&#x644;&#x627;&#x642;&#x62A;&#x635;&#x627;&#x62F;&#x64A;&#x629; /</subfield>
    <subfield code="c"> &#x631;&#x639;&#x62F; &#x62D;&#x633;&#x646; &#x627;&#x644;&#x635;&#x631;&#x646;</subfield>
  </datafield>
  <datafield tag="260" ind1=" " ind2=" ">
    <subfield code="a">&#x62F;&#x645;&#x634;&#x642;: </subfield>
    <subfield code="b">&#x62F;&#x627;&#x631; &#x627;&#x644;&#x631;&#x636;&#x627; &#x644;&#x644;&#x646;&#x634;&#x631;, </subfield>
    <subfield code="c">2000</subfield>
  </datafield>
  <datafield tag="300" ind1=" " ind2=" ">
    <subfield code="a">415  &#x635;&#x641;&#x62D;&#x629;&#x61B; </subfield>
    <subfield code="b">&#x625;&#x64A;&#x636;&#x627;&#x62D;&#x627;&#x62A; &#x61B;</subfield>
    <subfield code="c">24 &#x633;&#x645;</subfield>
  </datafield>
  <datafield tag="490" ind1=" " ind2=" ">
    <subfield code="a">&#x633;&#x644;&#x633;&#x644;&#x629; &#x627;&#x644;&#x631;&#x636;&#x627; &#x644;&#x644;&#x645;&#x639;&#x644;&#x648;&#x645;&#x627;&#x62A;</subfield>
    <subfield code="v">85</subfield>
  </datafield>
  <datafield tag="504" ind1=" " ind2=" ">
    <subfield code="a">&#x641;&#x647;&#x631;&#x633; &#x627;&#x644;&#x645;&#x635;&#x637;&#x644;&#x62D;&#x627;&#x62A;:&#x635;.397-401&#x61B; &#x628;&#x628;&#x644;&#x64A;&#x648;&#x63A;&#x631;&#x627;&#x641;&#x64A;&#x627;:&#x635;.403-410  &#x641;&#x647;&#x631;&#x633; &#x627;&#x644;&#x62C;&#x62F;&#x627;&#x648;&#x644;:&#x635;.411&#x61B; &#x641;&#x647;&#x631;&#x633; &#x627;&#x644;&#x623;&#x634;&#x643;&#x627;&#x644;:&#x635;.413</subfield>
  </datafield>
  <datafield tag="520" ind1=" " ind2=" ">
    <subfield code="a">&#x645;&#x642;&#x62F;&#x645;&#x629; &#x641;&#x64A; &#x627;&#x644;&#x62A;&#x62C;&#x627;&#x631;&#x629; &#x627;&#x644;&#x62F;&#x648;&#x644;&#x64A;&#x629;&#x60C;&#x642;&#x636;&#x627;&#x64A;&#x627; &#x648;&#x645;&#x633;&#x627;&#x626;&#x644; &#x647;&#x627;&#x645;&#x629; &#x641;&#x64A; &#x627;&#x644;&#x62A;&#x62C;&#x627;&#x631;&#x629; &#x627;&#x644;&#x62F;&#x648;&#x644;&#x64A;&#x629;&#x60C;&#x627;&#x644;&#x639;&#x648;&#x644;&#x645;&#x629; &#x648;&#x622;&#x62B;&#x627;&#x631;&#x647;&#x627; &#x639;&#x644;&#x649; &#x627;&#x644;&#x62A;&#x62C;&#x627;&#x631;&#x629; &#x627;&#x644;&#x62F;&#x648;&#x644;&#x64A;&#x629;&#x60C;&#x627;&#x644;&#x646;&#x638;&#x631;&#x64A;&#x627;&#x62A; &#x627;&#x644;&#x62A;&#x642;&#x644;&#x64A;&#x62F;&#x64A;&#x629; &#x641;&#x64A; &#x627;&#x644;&#x62A;&#x62C;&#x627;&#x631;&#x629; &#x627;&#x644;&#x62F;&#x648;&#x644;&#x64A;&#x629;&#x60C;&#x627;&#x644;&#x646;&#x638;&#x631;&#x64A;&#x627;&#x62A; &#x627;&#x644;&#x62D;&#x62F;&#x64A;&#x62B;&#x629; &#x644;&#x644;&#x62A;&#x62C;&#x627;&#x631;&#x629; &#x627;&#x644;&#x62F;&#x648;&#x644;&#x64A;&#x629;&#x60C;&#x645;&#x639;&#x62F;&#x644; &#x627;&#x644;&#x62A;&#x628;&#x627;&#x62F;&#x644; &#x648;&#x627;&#x644;&#x645;&#x643;&#x627;&#x633;&#x628; &#x645;&#x646; &#x627;&#x644;&#x62A;&#x62C;&#x627;&#x631;&#x629; &#x627;&#x644;&#x62F;&#x648;&#x644;&#x64A;&#x629;&#x60C;&#x633;&#x64A;&#x627;&#x633;&#x627;&#x62A; &#x627;&#x644;&#x62A;&#x62C;&#x627;&#x631;&#x629; &#x627;&#x644;&#x62F;&#x648;&#x644;&#x64A;&#x629;&#x60C;&#x645;&#x64A;&#x632;&#x627;&#x646; &#x627;&#x644;&#x645;&#x62F;&#x641;&#x648;&#x639;&#x627;&#x62A;&#x60C;&#x627;&#x644;&#x639;&#x644;&#x627;&#x642;&#x627;&#x62A; &#x627;&#x644;&#x646;&#x642;&#x62F;&#x64A;&#x629; &#x627;&#x644;&#x62F;&#x648;&#x644;&#x64A;&#x629;</subfield>
  </datafield>
  <datafield tag="653" ind1=" " ind2=" ">
    <subfield code="a">&#x627;&#x644;&#x62A;&#x62C;&#x627;&#x631;&#x629; &#x627;&#x644;&#x62E;&#x627;&#x631;&#x62C;&#x64A;&#x629;</subfield>
  </datafield>
  <datafield tag="653" ind1=" " ind2=" ">
    <subfield code="a">&#x627;&#x644;&#x639;&#x648;&#x644;&#x645;&#x629;</subfield>
  </datafield>
  <datafield tag="942" ind1=" " ind2=" ">
    <subfield code="c">&#x643;&#x62A;&#x627;&#x628;</subfield>
  </datafield>
  <datafield tag="952" ind1=" " ind2=" ">
    <subfield code="0">0</subfield>
    <subfield code="1">0</subfield>
    <subfield code="2">ddc</subfield>
    <subfield code="4">0</subfield>
    <subfield code="7">-1</subfield>
    <subfield code="a">fsecg</subfield>
    <subfield code="b">fsecg</subfield>
    <subfield code="d">2026-05-07</subfield>
    <subfield code="h">&#x627;&#x644;&#x637;&#x627;&#x628;&#x642; &#x627;&#x644;&#x623;&#x631;&#x636;&#x64A;</subfield>
    <subfield code="i">1799/1</subfield>
    <subfield code="l">0</subfield>
    <subfield code="o">&#x623;/2599&#x62C;1&#x646;1</subfield>
    <subfield code="p">1799/1</subfield>
    <subfield code="r">2026-05-07 07:50:00</subfield>
    <subfield code="w">2026-05-07</subfield>
    <subfield code="y">&#x643;&#x62A;&#x627;&#x628;</subfield>
  </datafield>
  <datafield tag="952" ind1=" " ind2=" ">
    <subfield code="0">0</subfield>
    <subfield code="1">0</subfield>
    <subfield code="2">ddc</subfield>
    <subfield code="4">0</subfield>
    <subfield code="7">0</subfield>
    <subfield code="a">fsecg</subfield>
    <subfield code="b">fsecg</subfield>
    <subfield code="d">2026-05-07</subfield>
    <subfield code="h">&#x627;&#x644;&#x637;&#x627;&#x628;&#x642; &#x627;&#x644;&#x623;&#x631;&#x636;&#x64A;</subfield>
    <subfield code="i">1799/2</subfield>
    <subfield code="l">0</subfield>
    <subfield code="o">&#x623;/2599&#x62C;1&#x646;2</subfield>
    <subfield code="p">1799/2</subfield>
    <subfield code="r">2026-05-07 07:50:00</subfield>
    <subfield code="w">2026-05-07</subfield>
    <subfield code="y">&#x643;&#x62A;&#x627;&#x628;</subfield>
  </datafield>
  <datafield tag="952" ind1=" " ind2=" ">
    <subfield code="0">0</subfield>
    <subfield code="1">0</subfield>
    <subfield code="2">ddc</subfield>
    <subfield code="4">0</subfield>
    <subfield code="7">0</subfield>
    <subfield code="a">fsecg</subfield>
    <subfield code="b">fsecg</subfield>
    <subfield code="d">2026-05-07</subfield>
    <subfield code="h">&#x627;&#x644;&#x637;&#x627;&#x628;&#x642; &#x627;&#x644;&#x623;&#x631;&#x636;&#x64A;</subfield>
    <subfield code="i">1799/3</subfield>
    <subfield code="l">0</subfield>
    <subfield code="o">&#x623;/2599&#x62C;1&#x646;3</subfield>
    <subfield code="p">1799/3</subfield>
    <subfield code="r">2026-05-07 07:50:00</subfield>
    <subfield code="w">2026-05-07</subfield>
    <subfield code="y">&#x643;&#x62A;&#x627;&#x628;</subfield>
  </datafield>
  <datafield tag="952" ind1=" " ind2=" ">
    <subfield code="0">0</subfield>
    <subfield code="1">0</subfield>
    <subfield code="2">ddc</subfield>
    <subfield code="4">0</subfield>
    <subfield code="7">0</subfield>
    <subfield code="a">fsecg</subfield>
    <subfield code="b">fsecg</subfield>
    <subfield code="d">2026-05-07</subfield>
    <subfield code="h">&#x627;&#x644;&#x637;&#x627;&#x628;&#x642; &#x627;&#x644;&#x62B;&#x627;&#x646;&#x64A;</subfield>
    <subfield code="i">1799/4</subfield>
    <subfield code="l">0</subfield>
    <subfield code="o">&#x623;/2599&#x62C;1&#x646;4</subfield>
    <subfield code="p">1799/4</subfield>
    <subfield code="r">2026-05-07 07:50:00</subfield>
    <subfield code="w">2026-05-07</subfield>
    <subfield code="y">&#x643;&#x62A;&#x627;&#x628;</subfield>
  </datafield>
  <datafield tag="952" ind1=" " ind2=" ">
    <subfield code="0">0</subfield>
    <subfield code="1">0</subfield>
    <subfield code="2">ddc</subfield>
    <subfield code="4">0</subfield>
    <subfield code="7">0</subfield>
    <subfield code="a">fsecg</subfield>
    <subfield code="b">fsecg</subfield>
    <subfield code="d">2026-05-07</subfield>
    <subfield code="h">&#x627;&#x644;&#x637;&#x627;&#x628;&#x642; &#x627;&#x644;&#x62B;&#x627;&#x646;&#x64A;</subfield>
    <subfield code="i">1799/5</subfield>
    <subfield code="l">0</subfield>
    <subfield code="o">&#x623;/2599&#x62C;1&#x646;5</subfield>
    <subfield code="p">1799/5</subfield>
    <subfield code="r">2026-05-07 07:50:00</subfield>
    <subfield code="w">2026-05-07</subfield>
    <subfield code="y">&#x643;&#x62A;&#x627;&#x628;</subfield>
  </datafield>
  <datafield tag="952" ind1=" " ind2=" ">
    <subfield code="0">0</subfield>
    <subfield code="1">0</subfield>
    <subfield code="2">ddc</subfield>
    <subfield code="4">0</subfield>
    <subfield code="7">0</subfield>
    <subfield code="a">fsecg</subfield>
    <subfield code="b">fsecg</subfield>
    <subfield code="d">2026-05-07</subfield>
    <subfield code="h">&#x645;&#x643;&#x62A;&#x628;&#x629; &#x628;&#x646; &#x639;&#x643;&#x646;&#x648;&#x646;</subfield>
    <subfield code="i">1799/6</subfield>
    <subfield code="l">0</subfield>
    <subfield code="o">&#x623;/2599&#x62C;1&#x646;6</subfield>
    <subfield code="p">1799/6</subfield>
    <subfield code="r">2026-05-07 07:50:00</subfield>
    <subfield code="w">2026-05-07</subfield>
    <subfield code="y">&#x643;&#x62A;&#x627;&#x628;</subfield>
  </datafield>
  <datafield tag="952" ind1=" " ind2=" ">
    <subfield code="0">0</subfield>
    <subfield code="1">0</subfield>
    <subfield code="2">ddc</subfield>
    <subfield code="4">0</subfield>
    <subfield code="7">0</subfield>
    <subfield code="a">fsecg</subfield>
    <subfield code="b">fsecg</subfield>
    <subfield code="d">2026-05-07</subfield>
    <subfield code="h">&#x645;&#x643;&#x62A;&#x628;&#x629; &#x628;&#x646; &#x639;&#x643;&#x646;&#x648;&#x646;</subfield>
    <subfield code="i">1799/7</subfield>
    <subfield code="l">0</subfield>
    <subfield code="o">&#x623;/2599&#x62C;1&#x646;7</subfield>
    <subfield code="p">1799/7</subfield>
    <subfield code="r">2026-05-07 07:50:00</subfield>
    <subfield code="w">2026-05-07</subfield>
    <subfield code="y">&#x643;&#x62A;&#x627;&#x628;</subfield>
  </datafield>
  <datafield tag="952" ind1=" " ind2=" ">
    <subfield code="0">0</subfield>
    <subfield code="1">0</subfield>
    <subfield code="2">ddc</subfield>
    <subfield code="4">0</subfield>
    <subfield code="7">0</subfield>
    <subfield code="a">fsecg</subfield>
    <subfield code="b">fsecg</subfield>
    <subfield code="d">2026-05-07</subfield>
    <subfield code="h">&#x645;&#x643;&#x62A;&#x628;&#x629; &#x628;&#x646; &#x639;&#x643;&#x646;&#x648;&#x646;</subfield>
    <subfield code="i">1799/8</subfield>
    <subfield code="l">0</subfield>
    <subfield code="o">&#x623;/2599&#x62C;1&#x646;8</subfield>
    <subfield code="p">1799/8</subfield>
    <subfield code="r">2026-05-07 07:50:00</subfield>
    <subfield code="w">2026-05-07</subfield>
    <subfield code="y">&#x643;&#x62A;&#x627;&#x628;</subfield>
  </datafield>
  <datafield tag="999" ind1=" " ind2=" ">
    <subfield code="c">42065</subfield>
    <subfield code="d">42065</subfield>
  </datafield>
</record>
